English Counties Border Blitz Quiz Stats

 Plays Quiz Updated Jul 13, 2012

Score 0/48 Timer 02:00
16 Plays Today
% Correct
Greater London
94.4%
Essex
92.6%
Kent
92.1%
Cambridgeshire
91.7%
Surrey
90.9%
Berkshire
89.4%
Devon
89.1%
Gloucestershire
89%
Lincolnshire
88.7%
Dorset
88.5%
Wiltshire
88.3%
Somerset
88.2%
Lancashire
88%
Northamptonshire
87.6%
West Yorkshire
87.2%
Hertfordshire
87.2%
North Yorkshire
87%
Greater Manchester
85.8%
Suffolk
85.4%
Cumbria
85.4%
Cornwall
85.3%
Leicestershire
85.2%
Hampshire
85%
Warwickshire
84.6%
% Correct
Oxfordshire
84.1%
Derbyshire
84%
Buckinghamshire
83.9%
South Yorkshire
83.7%
Staffordshire
81.9%
Norfolk
81.7%
County Durham
81.5%
Cheshire
81.3%
Worcestershire
81%
East Sussex
80.3%
Merseyside
79.6%
Nottinghamshire
79.5%
Northumberland
77.4%
West Sussex
76.1%
Shropshire
74.4%
East Riding of Yorkshire
71.4%
Rutland
71.2%
Herefordshire
69.7%
Bedfordshire
69.2%
Tyne and Wear
64.6%
West Midlands
64.2%
Bristol
63.5%
City of London
44.2%
Isle of Wight
22.8%

You're not logged in!

Compare scores with friends on all Sporcle quizzes.
OR
Log In

You Might Also Like...

Show Comments

Extras

Top Quizzes Today


Score Distribution

Your Account Isn't Verified!

In order to create a playlist on Sporcle, you need to verify the email address you used during registration. Go to your Sporcle Settings to finish the process.

Report this User

Report this user for behavior that violates our Community Guidelines.

Details: